Theodramatik

Furkejuvvon:
Bibliográfalaš dieđut
Váldodahkki: Balthasar, Hans Urs von (Dahkki)
Materiálatiipa: Girji
Giella:duiskkagiella
Almmustuhtton: Einsiedeln Johannes 1980
Fáttát:
Fáddágilkorat: Lasit fáddágilkoriid
Eai fáddágilkorat, Lasit vuosttaš fáddágilkora!

MARC

LEADER 00000cam a2200000 a 4500
001 UCE6785
003 CL-VaPUC
008 150507e19800000sz |||||||||||||||||ger|d
020 |a 3265102300 
082 0 4 |a 230  |b BAL  |2 21 
100 0 |a Balthasar, Hans Urs von  |e author  |9 579390 
245 1 0 |a Theodramatik 
300 |a v 
942 |c BK 
945 |d 20150507 00:22:00  |a cmena 
260 |a Einsiedeln  |b Johannes  |c 1980 
500 |a v.3: Die handlung 
650 0 |a Teología   |9 258766 
650 0 |a Teología cristiana  |9 308336 
650 0 |a Apocalipsis (Revelación)  |9 314500 
650 0 |a Filosofía cristiana   |9 265980 
583 |a last modification  |c 20150507 00:22:00  |k Rodrigo Vera 
999 |c 358965  |d 358963 
952 |0 0  |1 0  |3 erd  |4 0  |6 230_000000000000000_BAL_1980  |7 0  |8 A  |9 467944  |a BIBTEO  |b BIBTEO  |e Casale Rolle, Carlos Ignacio, -2014  |h v.3  |i 5173728  |o 230 BAL 1980  |p 5173728  |r 2025-01-17  |w 2019-11-23  |y BK  |z Catalogado en:20150507  |k ICR